La llamada de la selva / (Registro nro. 8784)

Detalles MARC
000 -LEADER
fixed length control field 00783nam a22002657a 4500
001 - CONTROL NUMBER
control field 86461
003 - CONTROL NUMBER IDENTIFIER
control field DO-SdBNP
005 - DATE AND TIME OF LATEST TRANSACTION
control field 20180126145527.0
007 - PHYSICAL DESCRIPTION FIXED FIELD--GENERAL INFORMATION
fixed length control field 86461
008 - FIXED-LENGTH DATA ELEMENTS--GENERAL INFORMATION
fixed length control field 901106s1988 sp spa
016 7# - NATIONAL BIBLIOGRAPHIC AGENCY CONTROL NUMBER
Source BPMSU
020 ## - INTERNATIONAL STANDARD BOOK NUMBER
International Standard Book Number 8432090921
040 ## - CATALOGING SOURCE
Original cataloging agency BPMSU
Language of cataloging spa
Transcribing agency BPMSU
100 1# - MAIN ENTRY--PERSONAL NAME
Personal name London, Jack
Dates associated with a name 1876-1916
240 14 - UNIFORM TITLE
Uniform title <a href="The call of the wild">The call of the wild</a>
Language of a work Español
245 13 - TITLE STATEMENT
Title La llamada de la selva /
Statement of responsibility, etc. Jack London ; traducción, Orestes Llorens.
250 ## - EDITION STATEMENT
Edition statement 2a. edición
260 1# - PUBLICATION, DISTRIBUTION, ETC. (IMPRINT)
Place of publication, distribution, etc. Barcelona :
Name of publisher, distributor, etc. Planeta,
Date of publication, distribution, etc. 1988.
300 ## - PHYSICAL DESCRIPTION
Extent 185 p
Dimensions 22 cm.
490 0# - SERIES STATEMENT
Series statement Biblioteca mundial de grandes aventuras
830 #0 - SERIES ADDED ENTRY--UNIFORM TITLE
Name of part/section of a work Biblioteca mundial de grandes aventuras
942 ## - ADDED ENTRY ELEMENTS (KOHA)
Source of classification or shelving scheme Dewey Decimal Classification
Koha item type Libros
945 ## - LOCAL PROCESSING INFORMATION (OCLC)
a Inventariado, 2018 /LP
956 ## - LOCAL ELECTRONIC LOCATION AND ACCESS (OCLC)
Host name VMATEO
Access method 10
Materials specified 20151118
Linkage BPMSU
Field link and sequence number 00151
Existencias
Withdrawn status Lost status Source of classification or shelving scheme Damaged status Not for loan Collection code Home library Current library Date acquired Source of acquisition Total Checkouts Barcode Date last seen Price effective from Koha item type
    Dewey Decimal Classification     Colección General Biblioteca Pública Metropolitana Salomé Ureña Biblioteca Pública Metropolitana Salomé Ureña 11/18/2015 FUNDI   BPMSU15110354 11/18/2015 11/18/2015 Libros